20 Famous Michaels Quiz Stats

 Plays Quiz Updated Apr 17, 2016

Challenge
Share
Tweet
Score 0/20 Timer 06:00
3 Plays Today
% Correct
Michael Jackson
99.6%
Michael Jordan
97.8%
Michael J. Fox
88.4%
Michael Phelps
86.3%
Michael Douglas
81.8%
Michael Caine
77.9%
Michael Bublé
75.8%
Michael Moore
67.1%
Michael Keaton
65.8%
Michael Cera
58.2%
% Correct
Michael Bolton
55.8%
Michael Richards
41.3%
Michael Stipe
40.7%
Michael Fassbender
40%
Michael Schumacher
37.4%
Michael Clarke Duncan
36.4%
Michael C. Hall
34.1%
Michael Bay
32.1%
Michael Oher
32.1%
Michael Kors
30.5%

You're not logged in!

Compare scores with friends on all Sporcle quizzes.
OR
Log In

You Might Also Like...

Show Comments

Extras

Top Quizzes Today


Score Distribution

Your Account Isn't Verified!

In order to create a playlist on Sporcle, you need to verify the email address you used during registration. Go to your Sporcle Settings to finish the process.

Report this User

Report this user for behavior that violates our Community Guidelines.

Details: